000
00214 a2200097 4500
001
12518
100
_a
Ahmed EI Zooghby
245
_a
Smart Anteena Engineering
260
_a
_b
Artech House
_c
090
_c
9523
_d
9523
942
_a
NUST-CAE
_c
M
_c
36404
999
_c
247591
_d
247591